Regional knowledge economies : markets, clusters and innovation /
Uložené v:
| Hlavný autor: | |
|---|---|
| Médium: | Kniha |
| Jazyk: | English |
| Vydané: |
Cheltenham ; Northampton :
Edward Elgar,
2007.
|
| Vydanie: | 1st ed. |
| Témy: | |
| ISBN: |
9781845525296 (viaz.) |
| Fyzický popis: |
viii, 328 s. : grafy, mp., tab. ; 23 cm. |
| Tagy: |
Pridať tag
Žiadne tagy, Buďte prvý kto otaguje tento záznam!
|
Titul je dostupný aj v ... 

MARC
| LEADER | 00000nam a22000004a 4500 | ||
|---|---|---|---|
| 001 | 000339607 | ||
| 005 | 20081202103438.0 | ||
| 008 | 080929s2007 xxubl g f 001 0 eng d | ||
| 020 | |a 9781845525296 (viaz.) | ||
| 040 | |a SVKKK |b slo |c SVKKK |e AACR2 | ||
| 041 | 0 | |a eng | |
| 044 | |a xxk |c GB | ||
| 072 | 7 | |a 330.5+338 |x Národné hospodárstvo a hospodárska politika |2 konspekt | |
| 080 | |a 338.2 |2 2001 | ||
| 080 | |a 62:001.892 |2 2001 | ||
| 080 | |a 005.94 |2 2001 | ||
| 080 | |a 005.71-025.27 |2 2001 | ||
| 080 | |a (035) |2 2001 | ||
| 245 | 0 | 0 | |a Regional knowledge economies : |b markets, clusters and innovation / |c Philip Cooke ... [et al.]. |
| 250 | |a 1st ed. | ||
| 260 | |a Cheltenham ; |a Northampton : |b Edward Elgar, |c 2007. | ||
| 300 | |a viii, 328 s. : |b grafy, mp., tab. ; |c 23 cm. | ||
| 504 | |a Bibl. odkazy; register: s. 327-328 | ||
| 650 | 0 | 7 | |a hospodárska politika |2 SVKKKPH |
| 650 | 0 | 7 | |a vedecko-technický rozvoj |2 SVKKKPH |
| 650 | 0 | 7 | |a znalostný manažment |2 SVKKKPH |
| 650 | 0 | 7 | |a priemyselné klastre |2 SVKKKPH |
| 655 | 7 | |a príručky |2 SVKKKPH | |
| 700 | 1 | |a Cooke, Philip |4 aut | |
| 910 | |a svkkk | ||
| 919 | |a 978-1-84542-529-6 | ||
| 998 | |a BK | ||
| 090 | |g SCKHL |k Sklad Pribinova prízemie |a IV.203352 |j 1001853 |i 2720115897 |s Absenčne | ||